000
00300nam a22001217a 4500
020
_a
0 904783 00 6
082
_a
REF 382.0943 DIR
245
_a
The Directory of British Importers
250
_a
1st ed
260
_a
London
_b
Trade Research Publications
_c
1975
300
_a
xvi,190p
_b
30cm
942
_c
BK
999
_c
13750
_d
13750